Światowe Głowy Państwa - Statystyki

Ogólne statystyki
  • Ten quiz został rozwiązany 60 razy
  • Średni wynik to 9 z 16
Statystyki odpowiedzi
Obrazkowy Odpowiedź % Poprawnych
Władimir Putin
100%
Andrzej Duda
98%
Joe Biden
98%
Wołodymyr Zełenski
89%
Emmanuel Macron
87%
Viktor Orban
70%
Olaf Scholz
67%
Rishi Sunak
48%
Binjamin Netanjahu
46%
Tayyip Erdogan
43%
Giorgia Meloni
41%
Xi Jinping
37%
Justin Trudeau
24%
Pedro Sanchez
24%
Nicolás Maduro
13%
Cyril Ramaphosa
7%
Nie znaleziono quizów pasujących do podanych kryteriów
Rozkład punktacji
Procent ludzi z każdym wynikiem
Percentyl według liczby udzielonych odpowiedzi
Twoja historia wyników
Nie rozwiązałeś tego quizu